000 00666nam a22002177a 4500
003 UA-OsUOA
001 124862
007 ta
008 20170828b un ||||| |||| 00| 0 ukr d
100 _aОсипенко О.
090 _a82
_bО-74
942 _cSA
040 _aUA-OsUOA
_bukr
_cUA-OsUOA
_dUA-OsUOA
245 _aСвідчення джружби. Що писав Тарас Шевченко у "Щоденнику" про Семена Гулака-Артемовського
300 _aС.12
955 _a0
041 _aukr
080 _a82
773 0 _w124861
650 7 _a82 Література. Літературознавство
_2UDC
999 _c412040
_d412040